000 00588nam a2200193 a 4500
001 001080630
003 AM-YeHGA
005 20250617151344.0
008 150520s1957 ru r 000 0 rus d
040 _aAM-YeHGA
041 0 _arus
100 1 _aЛарин, Сергей Васильевич
245 1 0 _aРодные люди :
_bРассказы /
_cС. Ларин.
260 _aВладимир :
_bВладимир. кн. изд-во,
_c1957.
300 _a222 с.
650 1 4 _aРусская литература
_xРассказы
942 _2udc
_cBK
090 _c351417
999 _c349606
_d349606